Mauritius export directory 1992-1993..
| Format: | Book |
|---|---|
| Published: |
Port Louis:
Mauritius Export Development and Investment Authority (MEDIA),
1993.
|
| Subjects: |
| LEADER | 00476cam a2200145 7i4500 | ||
|---|---|---|---|
| 001 | 0000002707 | ||
| 005 | 19991025090000.0 | ||
| 002 | ##000003963 | ||
| 020 | 0 | 0 | |a T000003878 |
| 090 | 0 | 0 | |a MARI 382.6025 |b MAU |
| 245 | 0 | 0 | |a Mauritius export directory 1992-1993.. |
| 260 | 0 | 0 | |a Port Louis: |b Mauritius Export Development and Investment Authority (MEDIA), |c 1993. |
| 300 | 0 | 0 | |a 327 p.. |
| 651 | 0 | 0 | |a Exports -- |z Directories -- |z Mauritius |
| 999 | |a 000004136 |b Book |c Open shelf |e Business Information Centre | ||